Acteurs en C (par images). - Statistiques

Statistiques générales
  • Ce quiz a été pris 1 108 fois
    499 depuis la dernière actualisation
  • Le résultat moyen est 15 sur 24
Statistiques - réponses
Par images Réponse % Correct
Charlie Chaplin
99%
Christian Clavier
93%
Coluche
92%
Tom Cruise
92%
Alain Chabat
88%
Marion Cotillard
88%
Timothée Chalamet
88%
Georges Clooney
87%
Vincent Cassel
85%
Jim Carrey
81%
François Civil
78%
Daniel Craig
73%
Benedict Cumberbatch
53%
Sean Connery
53%
Courteney Cox
50%
Henry Cavill
50%
Marie-Anne Chazel
50%
Russell Crowe
49%
Kévin Costner
38%
Michael Caine
26%
Glenn Close
21%
Gary Cooper
13%
Claudette Colbert
6%
Joan Crawford
6%
Aucun quiz correspondant
Distribution des résultats
% des personnes avec chaque résultat
Percentile par nombre de réponses
Votre historique - résultats
Vous n’avez pas pris ce quiz depuis la dernière actualisation